[Event "ARM-ch Rapid 2019"]
[Site "Yerevan"]
[Date "2019.01.22"]
[Round "4.7"]
[White "Pashikian, Arman"]
[Black "Poghosyan, Suren"]
[Result "1-0"]
[WhiteElo "2599"]
[BlackElo "2303"]
[Annotator "RC"]
[PlyCount "155"]
[EventDate "2019.01.22"]
[EventType "tourn"]
[EventCountry "ARM"]
[TimeControl "40/5400+30:1800+30"]
[WhiteClock "0:00:29"]
[BlackClock "0:01:19"]

1. d4 {[%emt 1:15:11]} Nf6 {[%emt 1:15:12]} 2. Nf3 {[%emt 0:00:21]} g6 {[%emt 0:00:43]} 3. c4 {[%emt 0:00:22]} c5 {[%emt 0:00:22]} 4. Nc3 {[%emt 0:00:27]} cxd4 {[%emt 0:00:37]} 5. Nxd4 {[%emt 0:00:21]} Bg7 {[%emt 0:00:48]} 6. e4 {[%emt 0:00:23]} d6 {[%emt 0:00:21]} 7. Be2 {[%emt 0:00:22]} O-O {[%emt 0:00:24]} 8. O-O {[%emt 0:00:24]} Nc6 {[%emt 0:00:22]} 9. Nc2 {[%emt 0:00:21]} a5 {[%emt 0:00:41]} 10. Be3 {[%emt 0:00:37]} a4 {[%emt 0:00:27]} 11. Na3 {[%emt 0:00:41]} Qa5 {[%emt 0:02:40]} 12. Nab5 {[%emt 0:02:01]} Bd7 {[%emt 0:02:11]} 13. f3 {[%emt 0:06:08]} Rfc8 {[%emt 0:01:26]} 14. Rb1 {[%emt 0:00:42]} Ne5 {[%emt 0:03:03]} 15. b4 {[%emt 0:00:33]} axb3 {[%emt 0:02:16]} 16. axb3 {[%emt 0:00:22]} Nc6 {[%emt 0:01:27]} 17. Qe1 {[%emt 0:02:31]} Be6 {[%emt 0:01:02]} 18. Nd5 {[%emt 0:02:58]} Bxd5 {[%emt 0:01:02]} 19. Qxa5 {[%emt 0:00:55]} Rxa5 {[%emt 0:00:28]} 20. exd5 {[%emt 0:01:15]} Ne5 {[%emt 0:01:05]} 21. Rfc1 {[%emt 0:01:25]} h5 {[%emt 0:01:07]} 22. Bf1 {[%emt 0:01:04]} Kh7 {[%emt 0:01:12]} 23. Re1 {[%emt 0:00:22]} Ned7 {[%emt 0:01:44]} 24. Bf2 {[%emt 0:01:02]} Bf8 {[%emt 0:00:25]} 25. Red1 {[%emt 0:01:12]} Bg7 {[%emt 0:00:28]} 26. Re1 {[%emt 0:00:32]} Bf8 {[%emt 0:00:21]} 27. Red1 {[%emt 0:00:32]} Bg7 {[%emt 0:00:22]} 28. b4 {[%emt 0:00:26]} Ra2 {[%emt 0:00:30]} 29. Rbc1 {[%emt 0:00:33]} Rb2 {[%emt 0:01:02]} 30. c5 {[%emt 0:00:25]} Rxb4 {[%emt 0:00:30]} 31. cxd6 {[%emt 0:00:23]} Rxc1 {[%emt 0:00:22]} 32. Rxc1 {[%emt 0:00:22]} exd6 {[%emt 0:00:35]} 33. Nxd6 {[%emt 0:00:29]} Nxd5 {[%emt 0:01:02]} 34. Nxf7 {[%emt 0:00:22]} Bd4 {[%emt 0:00:24]} 35. Bxd4 {[%emt 0:00:45]} Rxd4 {[%emt 0:00:22]} 36. Nd6 {[%emt 0:00:50]} b6 {[%emt 0:00:32]} 37. Ne4 {[%emt 0:00:25]} N5f6 {[%emt 0:00:40]} 38. Nc3 {[%emt 0:00:30]} Nc5 {[%emt 0:00:25]} 39. Rb1 {[%emt 0:00:24]} Rd6 {[%emt 0:00:21]} 40. Kf2 {[%emt 0:00:38]} h4 {[%emt 0:00:21]} 41. Rb4 {[%emt 0:30:25]} g5 {[%emt 0:30:22]} 42. Be2 {[%emt 0:00:27]} Kg6 {[%emt 0:00:34]} 43. Rb2 {[%emt 0:00:24]} Nfd7 {[%emt 0:00:36]} 44. g3 {[%emt 0:00:42]} Ne5 {[%emt 0:00:23]} 45. Rb1 {[%emt 0:00:25]} hxg3+ {[%emt 0:00:40]} 46. hxg3 {[%emt 0:00:21]} Ned7 {[%emt 0:00:30]} 47. Ra1 {[%emt 0:00:33]} Rd2 {[%emt 0:00:33]} 48. Ke3 {[%emt 0:00:22]} Rc2 {[%emt 0:00:21]} 49. Nd5 {[%emt 0:00:27]} Rb2 {[%emt 0:00:44]} 50. Nc3 {[%emt 0:00:57]} Kf6 {[%emt 0:00:33]} 51. Rh1 {[%emt 0:00:29]} Rb3 {[%emt 0:00:31]} 52. Kd4 {[%emt 0:00:28]} Kg7 {[%emt 0:00:32]} 53. Rh5 {[%emt 0:00:36]} Rb4+ {[%emt 0:00:23]} 54. Ke3 {[%emt 0:00:27]} Rb3 {[%emt 0:00:26]} 55. Kd2 {[%emt 0:00:20]} Kg6 {[%emt 0:00:42]} 56. Rh8 {[%emt 0:00:34]} Nf6 {[%emt 0:00:33]} 57. Bd1 {[%emt 0:00:32]} Rb4 {[%emt 0:00:27]} 58. Bc2+ {[%emt 0:00:23]} Kf7 {[%emt 0:00:21]} 59. Rc8 {[%emt 0:00:30]} Rd4+ {[%emt 0:00:24]} 60. Ke3 {[%emt 0:00:35]} Rd6 {[%emt 0:00:40]} 61. Nb5 {[%emt 0:00:25]} Re6+ {[%emt 0:00:35]} 62. Kf2 {[%emt 0:00:22]} Re7 {[%emt 0:00:22]} 63. Rc6 {[%emt 0:00:31]} Re6 {[%emt 0:00:26]} 64. Rc7+ {[%emt 0:00:39]} Re7 {[%emt 0:00:21]} 65. Bg6+ {[%emt 0:00:24]} Kf8 {[%emt 0:00:31]} 66. Rc6 {[%emt 0:00:29]} Re6 {[%emt 0:00:43]} 67. Rc8+ {[%emt 0:00:21]} Kg7 {[%emt 0:00:26]} 68. Bf5 {[%emt 0:00:21]} Re5 {[%emt 0:00:24]} 69. Rc7+ {[%emt 0:00:28]} Kf8 {[%emt 0:00:28]} 70. Nd6 {[%emt 0:00:22]} Re7 {[%emt 0:00:47]} 71. Rc6 {[%emt 0:00:24]} Ncd7 {[%emt 0:00:34]} 72. g4 {[%emt 0:00:32]} Re5 {[%emt 0:00:28]} 73. Rc7 {[%emt 0:00:43]} Rd5 {[%emt 0:00:33]} 74. Ne4 {[%emt 0:00:23]} Rd4 {[%emt 0:00:32]} 75. Nxg5 {[%emt 0:00:24]} Ke7 {[%emt 0:00:21]} 76. Rc6 {[%emt 0:00:37]} b5 {[%emt 0:00:30]} 77. Re6+ {[%emt 0:00:22]} Kf8 {[%emt 0:00:23]} 78. Rxf6+ {[%emt 0:00:21]} 1-0

[Event "ARM-ch Rapid 2019"]
[Site "Yerevan"]
[Date "2019.01.22"]
[Round "4.8"]
[White "Gharagyozyan, Artur"]
[Black "Ter-Sahakyan, Samvel"]
[Result "0-1"]
[WhiteElo "2253"]
[BlackElo "2574"]
[Annotator "TA"]
[PlyCount "54"]
[EventDate "2019.01.22"]
[EventType "tourn"]
[EventCountry "ARM"]

{[%evp 17,54,22,34,-12,3,-25,0,0,12,-14,-5,-80,0,-84,-89,-113,-100,-82,-92,-100,-81,-142,-122,-350,-345,-400,-385,-533,-563,-1487,-516,-502,-478,-2168,-1742,-1819,-1605,-29989,-29990]} 1. e4 c6 2. d4 d5 3. Nd2 dxe4 4. Nxe4 Nf6 5. Nxf6+ exf6 6. c3 Bd6 7. Bd3 O-O 8. Qc2 Re8+ 9. Be3 h6 {LiveBook: 4 Publish game on website. B15: Caro-Kann: 3 Nc3: 3...g6 and 3...dxe4 4 Nxe4 Nf6 5 Nxf6+ exf6} 10. O-O-O (10. Ne2 Na6 11. O-O Nc7 12. c4 Bg4 13. h3 Bxe2 14. Bxe2 Ne6 15. Rad1 Qc7 16. Bg4 Rad8 17. Rfe1 Bf4 18. Bxf4 Nxf4 19. Rxe8+ Rxe8 {½-½ (58) Svidler,P (2756)-Carlsen,M (2839) Porto Carras 2018}) 10... Be6 $146 ({You set blue moves yourself with the critical opening position annotation.:} 10... Qa5 11. a3 Be6 12. Ne2 b5 13. g4 Bd5 14. h4 Bxh1 15. Rxh1 b4 16. Bc4 Rxe3 17. fxe3 bxa3 {1-0 (26) Garcia Fuentes,S (2181)-Gumpo,T (2015) Kazan 2013}) 11. Kb1 Qa5 {Black has an edge.} 12. a3 b5 13. Ne2 Qc7 14. Qd2 {[#]} (14. Bf5 $11) 14... Nd7 (14... a5 $1 $17) 15. Nf4 (15. Bxh6 $1 $11 {remains equal.} Bb3 16. Rde1) 15... Bb3 $36 {[%mdl 2048] Black has strong initiative.} 16. Rde1 {[#]} a5 $1 17. Nh5 Bf8 18. Bf4 Qb7 19. Bf5 ({Better is} 19. Re3 Rxe3 20. Qxe3) 19... b4 20. Bxh6 $2 (20. Ka1 $17) 20... bxa3 $19 21. Bxd7 Qxd7 22. Qf4 Qb7 {( -> ...&La2!)} 23. Kc1 axb2+ (23... a2 $142 24. Kd2 Bd1 {[%mdl 64] NOTEXT-4840, Paste &ASCII} 25. Kxd1 a1=Q+ 26. Qc1 Qbxb2 27. Qxa1 Qxa1+ 28. Kd2 Qb2+ 29. Kd3 Rxe1 30. Rxe1 Qxf2 {[%mdl 64] NOTEXT-4834}) 24. Kd2 {Strongly threatening &Bg3.} Rxe1 25. Nxf6+ (25. Rxe1 $142 Qe7 {[%mdl 64] Paste &ASCII} 26. Rxe7) 25... gxf6 26. Qg4+ Kh7 27. Bxf8 b1=N+ {NOTEXT-4805: Tournament = 18%, Annotator = 55%.} 0-1

[Event "ARM-ch Rapid 2019"]
[Site "Yerevan"]
[Date "2019.01.22"]
[Round "4.9"]
[White "Yegiazarian, Arsen"]
[Black "Vardanyan, Haik A."]
[Result "1-0"]
[WhiteElo "2399"]
[BlackElo "1953"]
[PlyCount "45"]
[EventDate "2019.01.22"]
[EventType "tourn"]
[EventCountry "ARM"]
[TimeControl "40/5400+30:1800+30"]
[WhiteClock "0:05:56"]
[BlackClock "0:07:09"]

1. e4 {[%emt 1:15:13]} e6 {[%emt 1:15:14]} 2. d4 {[%emt 0:00:23]} d5 {[%emt 0:00:21]} 3. Nd2 {[%emt 0:00:23]} c5 {[%emt 0:00:27]} 4. exd5 {[%emt 0:00:24]} Qxd5 {[%emt 0:00:27]} 5. Ngf3 {[%emt 0:00:23]} Nf6 {[%emt 0:00:30]} 6. Bc4 {[%emt 0:00:42]} Qd8 {[%emt 0:00:28]} 7. O-O {[%emt 0:01:10]} cxd4 {[%emt 0:00:35]} 8. Nb3 {[%emt 0:00:22]} Be7 {[%emt 0:00:22]} 9. Nbxd4 {[%emt 0:00:32]} O-O {[%emt 0:00:22]} 10. Re1 {[%emt 0:00:34]} a6 {[%emt 0:00:46]} 11. Bg5 {[%emt 0:00:46]} b5 {[%emt 0:00:53]} 12. Bb3 {[%emt 0:00:24]} Bb7 {[%emt 0:01:40]} 13. Qe2 {[%emt 0:02:03]} Nc6 {[%emt 0:01:32]} 14. Rad1 {[%emt 0:00:49]} Qb6 {[%emt 0:01:57]} 15. Nxe6 {[%emt 0:02:45]} Rfe8 {[%emt 0:03:12]} 16. Be3 {[%emt 0:00:41]} Qa5 {[%emt 0:00:38]} 17. Neg5 {[%emt 0:01:12]} Nd8 {[%emt 0:01:08]} 18. Ne5 {[%emt 0:00:40]} Nd5 {[%emt 0:01:28]} 19. Rxd5 {[%emt 0:01:23]} Bxd5 {[%emt 0:00:24]} 20. Bxd5 {[%emt 0:00:21]} Bxg5 {[%emt 0:00:23]} 21. Bxg5 {[%emt 0:00:56]} Ra7 {[%emt 0:00:59]} 22. Bxd8 {[%emt 0:01:40]} Qxd8 {[%emt 0:01:18]} 23. Nxf7 {[%emt 0:00:35]} 1-0

[Event "ARM-ch Rapid 2019"]
[Site "Yerevan"]
[Date "2019.01.22"]
[Round "4.10"]
[White "Hayrapetyan, Arman Ash."]
[Black "Davtyan, Artur"]
[Result "1-0"]
[WhiteElo "2375"]
[BlackElo "2396"]
[PlyCount "127"]
[EventDate "2019.01.22"]
[EventType "tourn"]
[EventCountry "ARM"]
[TimeControl "40/5400+30:1800+30"]
[WhiteClock "0:01:24"]
[BlackClock "0:01:31"]

1. e4 {[%emt 1:15:12]} e5 {[%emt 1:15:11]} 2. Nf3 {[%emt 0:00:22]} Nc6 {[%emt 0:00:21]} 3. Bb5 {[%emt 0:00:21]} a6 {[%emt 0:00:21]} 4. Ba4 {[%emt 0:00:22]} Nf6 {[%emt 0:00:21]} 5. O-O {[%emt 0:00:21]} Nxe4 {[%emt 0:00:21]} 6. d4 {[%emt 0:02:20]} b5 {[%emt 0:00:22]} 7. Bb3 {[%emt 0:00:20]} d5 {[%emt 0:00:20]} 8. dxe5 {[%emt 0:00:22]} Be6 {[%emt 0:00:21]} 9. c3 {[%emt 0:00:21]} Bc5 {[%emt 0:00:39]} 10. Nbd2 {[%emt 0:00:27]} O-O {[%emt 0:00:22]} 11. Bc2 {[%emt 0:00:26]} Nxf2 {[%emt 0:00:30]} 12. Rxf2 {[%emt 0:00:22]} f6 {[%emt 0:00:16]} 13. exf6 {[%emt 0:00:23]} Bxf2+ {[%emt 0:00:24]} 14. Kxf2 {[%emt 0:00:21]} Qxf6 {[%emt 0:00:22]} 15. Kg1 {[%emt 0:01:17]} Rae8 {[%emt 0:00:47]} 16. Nf1 {[%emt 0:02:54]} Ne5 {[%emt 0:00:31]} 17. Be3 {[%emt 0:01:02]} Nxf3+ {[%emt 0:01:13]} 18. Qxf3 {[%emt 0:01:16]} Qxf3 {[%emt 0:00:24]} 19. gxf3 {[%emt 0:00:21]} Rxf3 {[%emt 0:00:26]} 20. Bf2 {[%emt 0:02:23]} Bh3 {[%emt 0:01:20]} 21. Ng3 {[%emt 0:00:35]} g6 {[%emt 0:02:16]} 22. Re1 {[%emt 0:01:19]} Ref8 {[%emt 0:00:50]} 23. Bc5 {[%emt 0:00:28]} Rd8 {[%emt 0:01:55]} 24. Nh1 {[%emt 0:01:19]} Bf5 {[%emt 0:00:56]} 25. Kg2 {[%emt 0:01:06]} Rf4 {[%emt 0:00:27]} 26. Bxf5 {[%emt 0:01:04]} Rxf5 {[%emt 0:00:21]} 27. Nf2 {[%emt 0:00:54]} Rg5+ {[%emt 0:00:43]} 28. Kf1 {[%emt 0:00:43]} Rd7 {[%emt 0:00:24]} 29. b4 {[%emt 0:00:42]} Rh5 {[%emt 0:00:39]} 30. Ng4 {[%emt 0:01:22]} Rf7+ {[%emt 0:03:24]} 31. Kg2 {[%emt 0:01:02]} Rff5 {[%emt 0:00:41]} 32. Kg3 {[%emt 0:01:04]} Kg7 {[%emt 0:01:21]} 33. Re6 {[%emt 0:01:26]} Rf1 {[%emt 0:01:13]} 34. Rc6 {[%emt 0:00:39]} Rf7 {[%emt 0:00:41]} 35. Re6 {[%emt 0:01:17]} Rf1 {[%emt 0:01:21]} 36. Rxa6 {[%emt 0:01:08]} Rhf5 {[%emt 0:00:41]} 37. Rc6 {[%emt 0:00:46]} R5f3+ {[%emt 0:02:01]} 38. Kg2 {[%emt 0:00:21]} Rf7 {[%emt 0:00:21]} 39. Bd4+ {[%emt 0:00:23]} Kf8 {[%emt 0:00:22]} 40. Nf6 {[%emt 0:00:21]} Rf5 {[%emt 0:00:28]} 41. Re6 {[%emt 0:30:24]} Rg7 {[%emt 0:32:11]} 42. h4 {[%emt 0:00:44]} h5 {[%emt 0:00:35]} 43. Rc6 {[%emt 0:00:40]} Rf7 {[%emt 0:00:27]} 44. Kg3 {[%emt 0:00:24]} Rg7 {[%emt 0:01:32]} 45. Nxh5 {[%emt 0:00:46]} Rxh5 {[%emt 0:01:20]} 46. Bxg7+ {[%emt 0:00:24]} Kxg7 {[%emt 0:00:21]} 47. Rxc7+ {[%emt 0:00:30]} Kh6 {[%emt 0:00:30]} 48. Rc5 {[%emt 0:00:16]} Re5 {[%emt 0:00:11]} 49. Kf3 {[%emt 0:00:43]} Rf5+ {[%emt 0:01:02]} 50. Kg4 {[%emt 0:00:33]} Re5 {[%emt 0:00:27]} 51. Rxb5 {[%emt 0:00:25]} Re4+ {[%emt 0:00:36]} 52. Kf3 {[%emt 0:00:21]} Rxh4 {[%emt 0:00:21]} 53. Rxd5 {[%emt 0:00:35]} Rh3+ {[%emt 0:00:21]} 54. Ke4 {[%emt 0:00:40]} Rxc3 {[%emt 0:00:30]} 55. a4 {[%emt 0:00:30]} Ra3 {[%emt 0:00:45]} 56. a5 {[%emt 0:00:15]} Ra4 {[%emt 0:00:21]} 57. Rd4 {[%emt 0:00:21]} Kh5 {[%emt 0:00:22]} 58. Kd5 {[%emt 0:00:22]} g5 {[%emt 0:00:22]} 59. Kc5 {[%emt 0:00:21]} g4 {[%emt 0:00:21]} 60. Rd1 {[%emt 0:00:26]} g3 {[%emt 0:00:26]} 61. Kb5 {[%emt 0:00:23]} Ra2 {[%emt 0:00:21]} 62. Ka6 {[%emt 0:00:30]} g2 {[%emt 0:00:25]} 63. b5 {[%emt 0:00:22]} Rf2 {[%emt 0:00:22]} 64. Rg1 {[%emt 0:00:22]} 1-0

[Event "ARM-ch Rapid 2019"]
[Site "Yerevan"]
[Date "2019.01.22"]
[Round "5.1"]
[White "Chibukhchian, Artur"]
[Black "Hovhannisyan, Robert"]
[Result "0-1"]
[WhiteElo "2384"]
[BlackElo "2637"]
[PlyCount "88"]
[EventDate "2019.01.22"]
[EventType "tourn"]
[EventCountry "ARM"]
[TimeControl "40/5400+30:1800+30"]
[WhiteClock "0:02:56"]
[BlackClock "0:00:23"]

1. d4 {[%emt 1:15:33]} d5 {[%emt 1:15:12]} 2. c4 {[%emt 0:00:21]} c6 {[%emt 0:00:21]} 3. cxd5 {[%emt 0:00:28]} cxd5 {[%emt 0:00:21]} 4. Nc3 {[%emt 0:00:21]} Nf6 {[%emt 0:00:22]} 5. Nf3 {[%emt 0:00:22]} Nc6 {[%emt 0:00:23]} 6. Bf4 {[%emt 0:00:22]} Bf5 {[%emt 0:00:22]} 7. e3 {[%emt 0:00:22]} e6 {[%emt 0:00:22]} 8. Bd3 {[%emt 0:00:48]} Bxd3 {[%emt 0:00:22]} 9. Qxd3 {[%emt 0:00:21]} Be7 {[%emt 0:00:24]} 10. O-O {[%emt 0:00:23]} O-O {[%emt 0:00:23]} 11. Rfc1 {[%emt 0:01:37]} a6 {[%emt 0:00:50]} 12. Ne5 {[%emt 0:00:29]} Nxe5 {[%emt 0:00:57]} 13. Bxe5 {[%emt 0:00:23]} Nd7 {[%emt 0:00:36]} 14. Bf4 {[%emt 0:00:37]} Nb6 {[%emt 0:01:15]} 15. Nb1 {[%emt 0:05:22]} Rc8 {[%emt 0:02:17]} 16. Nd2 {[%emt 0:00:21]} Qd7 {[%emt 0:01:16]} 17. Qb3 {[%emt 0:01:30]} Rc6 {[%emt 0:00:37]} 18. Rc3 {[%emt 0:01:22]} a5 {[%emt 0:02:00]} 19. Rac1 {[%emt 0:02:09]} a4 {[%emt 0:00:35]} 20. Qc2 {[%emt 0:02:28]} Rfc8 {[%emt 0:01:23]} 21. Qd3 {[%emt 0:00:21]} Bb4 {[%emt 0:01:23]} 22. Rxc6 {[%emt 0:00:26]} Rxc6 {[%emt 0:00:22]} 23. Rb1 {[%emt 0:02:47]} Bxd2 {[%emt 0:02:23]} 24. Qxd2 {[%emt 0:00:21]} Nc4 {[%emt 0:00:21]} 25. Qd1 {[%emt 0:02:21]} Qc8 {[%emt 0:00:44]} 26. e4 {[%emt 0:00:52]} dxe4 {[%emt 0:00:38]} 27. Qxa4 {[%emt 0:00:28]} Nxb2 {[%emt 0:00:50]} 28. Qb5 {[%emt 0:00:34]} Nd3 {[%emt 0:00:38]} 29. Qxb7 {[%emt 0:00:28]} Qxb7 {[%emt 0:01:55]} 30. Rxb7 {[%emt 0:00:21]} h5 {[%emt 0:00:25]} 31. Be3 {[%emt 0:00:35]} Ra6 {[%emt 0:00:47]} 32. h4 {[%emt 0:00:32]} Rxa2 {[%emt 0:00:27]} 33. Rb5 {[%emt 0:00:27]} f5 {[%emt 0:01:15]} 34. d5 {[%emt 0:00:34]} f4 {[%emt 0:01:03]} 35. dxe6 {[%emt 0:00:32]} fxe3 {[%emt 0:00:42]} 36. Rb8+ {[%emt 0:00:21]} Kh7 {[%emt 0:00:21]} 37. e7 {[%emt 0:00:22]} exf2+ {[%emt 0:01:08]} 38. Kh2 {[%emt 0:00:24]} f1=Q {[%emt 0:00:32]} 39. Rh8+ {[%emt 0:00:22]} Kxh8 {[%emt 0:00:29]} 40. e8=Q+ {[%emt 0:00:23]} Kh7 {[%emt 0:00:22]} 41. Qxe4+ {[%emt 0:31:09]} Kg8 {[%emt 0:30:51]} 42. Qe8+ {[%emt 0:00:30]} Qf8 {[%emt 0:00:23]} 43. Qe6+ {[%emt 0:00:23]} Qf7 {[%emt 0:00:22]} 44. Qc8+ {[%emt 0:00:25]} Kh7 {[%emt 0:00:25]} 0-1

[Event "ARM-ch Rapid 2019"]
[Site "Yerevan"]
[Date "2019.01.22"]
[Round "5.2"]
[White "Andriasian, Zaven"]
[Black "Martirosyan, Haik M."]
[Result "1/2-1/2"]
[WhiteElo "2604"]
[BlackElo "2607"]
[Annotator "RC"]
[PlyCount "27"]
[EventDate "2019.01.22"]
[EventType "tourn"]
[EventCountry "ARM"]
[TimeControl "40/5400+30:1800+30"]
[WhiteClock "0:15:39"]
[BlackClock "0:15:24"]

1. c4 {[%emt 1:15:13]} c6 {[%emt 1:15:22]} 2. d4 {[%emt 0:00:23]} d5 {[%emt 0:00:24]} 3. Nc3 {[%emt 0:00:21]} Nf6 {[%emt 0:00:24]} 4. e3 {[%emt 0:00:22]} g6 {[%emt 0:00:35]} 5. Nf3 {[%emt 0:00:23]} Bg7 {[%emt 0:00:22]} 6. Be2 {[%emt 0:00:21]} O-O {[%emt 0:00:23]} 7. O-O {[%emt 0:00:23]} b6 {[%emt 0:00:30]} 8. b3 {[%emt 0:00:31]} Bb7 {[%emt 0:00:24]} 9. a4 {[%emt 0:00:34]} a5 {[%emt 0:00:27]} 10. cxd5 {[%emt 0:00:29]} Nxd5 {[%emt 0:00:38]} 11. Bb2 {[%emt 0:00:27]} c5 {[%emt 0:00:25]} 12. Rc1 {[%emt 0:00:45]} cxd4 {[%emt 0:00:34]} 13. Nxd4 {[%emt 0:01:00]} Nxc3 {[%emt 0:00:23]} 14. Bxc3 {[%emt 0:00:24]} 1/2-1/2

[Event "ARM-ch Rapid 2019"]
[Site "Yerevan"]
[Date "2019.01.22"]
[Round "5.3"]
[White "Shahinyan, David"]
[Black "Petrosyan, Manuel"]
[Result "0-1"]
[WhiteElo "2429"]
[BlackElo "2579"]
[Annotator "TA"]
[PlyCount "100"]
[EventDate "2019.01.22"]
[EventType "tourn"]
[EventCountry "ARM"]

{[%evp 10,100,0,-8,-8,-8,-6,-5,-8,-16,-1,-3,74,55,72,63,64,52,77,70,67,59,73,35,34,41,49,6,51,50,41,-81,-81,-62,-71,-76,-49,-79,-75,-93,-98,-106,-106,-118,-98,-159,-168,-203,-143,-150,-126,-175,-150,-362,-144,-343,-360,-438,-407,-360,-401,-555,-539,-583,-514,-650,-627,-624,-529,-513,-513,-821,-774,-996,-971,-852,-841,-841,-704,-813,-734,-1321,-1129,-1635,-1539,-29975,-29977,-29976,-29976,-29970,-5073,-29979,-29980]} 1. c4 c5 2. Nc3 Nc6 3. g3 g6 4. Bg2 Bg7 5. e4 h5 (5... d6 6. d3 e6 7. Nge2 Nge7 8. O-O O-O 9. Rb1 b6 10. a3 Bb7 11. b4 Qd7 12. Bg5 h6 13. Be3 Nd4 14. f4 f5 15. Qd2 Kh7 16. Rbe1 Rae8 17. Bf2 Nec6 18. b5 Nxe2+ 19. Nxe2 Nd4 20. Nxd4 cxd4 21. exf5 gxf5 22. Bxb7 Qxb7 {0-1 (30) Dominguez Perez,L (2732)-Wojtaszek,R (2727) Huaian 2016}) 6. h3 {LiveBook: 3 Games. A36: Symmetrical English vs ...g6: 4 Bg2 Bg7} a6 $146 ({Predecessor:} 6... d6 7. Nge2 Bd7 8. Rb1 a6 9. a3 b5 10. cxb5 axb5 11. b4 c4 12. f4 {½-½ (67) Dudzinski,P (2238)-Grigorian,S (2352) Germany 2017}) 7. a4 e6 8. Nge2 {The position is equal.} Nge7 9. d3 O-O 10. O-O d5 (10... d6 $11 {keeps the balance.}) 11. exd5 $16 exd5 12. cxd5 Nb4 $1 {[%cal Re7d5]} 13. Be3 Nbxd5 14. Bxc5 Re8 15. Re1 Bf5 16. Qb3 Rc8 {Strongly threatening ...Nxc3.} 17. d4 b6 {Threatens to win with ...Nxc3.} 18. Ba3 {[%cal Rc3d5]} (18. Bxe7 {is more complex.} Nxe7 19. Nf4 Nc6 20. Rxe8+ Qxe8 21. Qxb6 Nxd4 22. Qxa6 Nb3 23. Rf1) 18... Be6 {...Nxc3 is the strong threat.} (18... Nxc3 {looks sharper.} 19. bxc3 Be6 20. Bxe7 Rxe7 21. Qd1 Re8) 19. Bxe7 $1 Nxc3 20. Qxe6 (20. Bxd8 $14 {stays ahead.} Bxb3 21. bxc3 Rcxd8 22. Bc6) 20... Rxe7 $17 21. Qxe7 Qxe7 22. bxc3 Qd7 23. Reb1 {[#]} h4 $1 {[%mdl 1536] Black has strong compensation.} 24. g4 (24. gxh4 Re8) 24... Qd6 25. Rb2 Bf6 $1 26. Rab1 {[#]} Bd8 $1 27. d5 ({White should play} 27. Bb7 Rb8 28. Bg2 (28. Bxa6 Qc6 $17)) 27... Rc4 28. Rb4 Rc5 29. Rd4 Bc7 30. c4 Ra5 31. Nc3 $2 (31. Rbd1 $17 {was worth a try.}) 31... Qh2+ $19 32. Kf1 Be5 33. Rd3 {[#]} Bxc3 $1 34. Rxc3 Rxa4 35. c5 bxc5 36. Rxc5 Ra2 {( -> ...Qf4)} 37. Rbc1 Qf4 {[%csl Ga2][%cal Rf4f2]} 38. R5c2 Rxc2 39. Rxc2 {[%mdl 4096] Endgame KQ-KRB} a5 {[%cal Ba6a5,Ba5a4][%mdl 32]} 40. Ke2 (40. Rc6 $142 Qd4 41. Bf3) 40... a4 41. Rd2 Qd6 42. Be4 Kf8 43. Bb1 Ke7 44. Kd1 Kd7 45. Ba2 Qa3 46. d6 Qxh3 47. Bxf7 Qxg4+ 48. Kc1 h3 49. Bd5 h2 (49... a3 $142 50. Kc2 Qf5+ 51. Kc3 a2 52. Bxa2 Qa5+ 53. Kd3 h2 54. Rd1 Qxa2 55. f3 Qb3+ 56. Kd2 Qxf3 57. Rb1 Kxd6 58. Rd1 h1=Q 59. Rxh1 Qxh1 60. Ke3 Ke5 61. Kd3 Qc6 62. Ke3 Qe4+ 63. Kf2 Kf4 64. Kg1 Qc2 65. Kf1 Kf3 66. Kg1 Qg2#) 50. Kc2 Qf5+ {Precision: White = 34%, Black = 81%.} 0-1

[Event "ARM-ch Rapid 2019"]
[Site "Yerevan"]
[Date "2019.01.22"]
[Round "5.4"]
[White "Sargsyan, Shant"]
[Black "Hayrapetyan, Arman Ash."]
[Result "1-0"]
[WhiteElo "2486"]
[BlackElo "2375"]
[PlyCount "51"]
[EventDate "2019.01.22"]
[EventType "tourn"]
[EventCountry "ARM"]
[TimeControl "40/5400+30:1800+30"]
[WhiteClock "0:01:59"]
[BlackClock "0:05:52"]

1. d4 {[%emt 1:15:25]} d6 {[%emt 1:15:13]} 2. e4 {[%emt 0:00:30]} e5 {[%emt 0:00:40]} 3. Nf3 {[%emt 0:00:23]} exd4 {[%emt 0:01:23]} 4. Nxd4 {[%emt 0:00:22]} Nf6 {[%emt 0:00:21]} 5. Nc3 {[%emt 0:00:21]} g6 {[%emt 0:00:33]} 6. Bg5 {[%emt 0:00:44]} c6 {[%emt 0:00:47]} 7. Qd2 {[%emt 0:00:36]} h6 {[%emt 0:00:31]} 8. Bf4 {[%emt 0:00:32]} g5 {[%emt 0:00:47]} 9. Bg3 {[%emt 0:00:31]} Nh5 {[%emt 0:00:24]} 10. O-O-O {[%emt 0:00:34]} Bg7 {[%emt 0:00:36]} 11. Be2 {[%emt 0:00:47]} Nxg3 {[%emt 0:00:22]} 12. hxg3 {[%emt 0:00:20]} Qf6 {[%emt 0:01:11]} 13. f4 {[%emt 0:00:27]} a5 {[%emt 0:01:19]} 14. Nf3 {[%emt 0:01:13]} Bg4 {[%emt 0:06:15]} 15. e5 {[%emt 0:01:45]} dxe5 {[%emt 0:00:30]} 16. Ne4 {[%emt 0:00:58]} Qe7 {[%emt 0:00:29]} 17. Nd6+ {[%emt 0:00:32]} Kf8 {[%emt 0:00:20]} 18. Nxe5 {[%emt 0:00:27]} Be6 {[%emt 0:03:14]} 19. Bh5 {[%emt 0:00:57]} Nd7 {[%emt 0:01:18]} 20. Nexf7 {[%emt 0:01:21]} Qf6 {[%emt 0:01:10]} 21. c3 {[%emt 0:00:41]} g4 {[%emt 0:00:22]} 22. Nxh8 {[%emt 0:00:32]} Bxh8 {[%emt 0:00:41]} 23. Bf7 {[%emt 0:01:13]} Nc5 {[%emt 0:00:44]} 24. Bxe6 {[%emt 0:00:25]} Qxe6 {[%emt 0:00:22]} 25. Rh5 {[%emt 0:01:19]} b6 {[%emt 0:00:59]} 26. Nf5 {[%emt 0:04:13]} 1-0